Reliez l'acteur à sa série télévisée - Statistiques

Statistiques générales
  • Ce quiz a été pris 689 fois
    537 depuis la dernière actualisation
  • Le résultat moyen est 15 sur 20
Statistiques - réponses
Question Réponse % Correct
Quel acteur a joué dans Friends ? Matt LeBlanc
92%
Quel acteur a joué dans Peaky Blinders ? Cillian Murphy
91%
Quel acteur a joué dans Squid Game ? Lee Jung-jae
91%
Quel acteur a joué dans Grey's Anatomy ? Patrick Dempsey
90%
Quel acteur a joué dans Sherlock ? Benedict Cumberbatch
87%
Quel acteur a joué dans Vampire Diaries ? Ian Somerhalder
85%
Quel acteur a joué dans Game of Thrones ? Kit Harington
80%
Quel acteur a joué dans Stranger Things ? Noah Schnapp
79%
Quel acteur a joué dans La Casa de Papel ? Álvaro Morte
78%
Quel acteur a joué dans Breaking Bad ? Bryan Cranston
76%
Quel acteur a joué dans Dr House ? Hugh Laurie
75%
Quel acteur a joué dans Malcolm ? Frankie Muniz
74%
Quel acteur a joué dans Prison Break ? Wentworth Miller
74%
Quel acteur a joué dans The Big Bang Theorie ? Jim Parsons
69%
Quel acteur a joué dans The Office ? Steve Carell
67%
Quel acteur a joué dans Dexter ? Michael C. Hall
57%
Quel acteur a joué dans The Walkig Dead ? Norman Reedus
55%
Quel acteur a joué dans Shameless (US) ? William H. Macy
51%
Quel acteur a joué dans Brooklyn Nine-Nine ? Andy Samberg
50%
Quel acteur a joué dans This is Us ? Milo Ventimiglia
44%
Aucun quiz correspondant
Distribution des résultats
% des personnes avec chaque résultat
Percentile par nombre de réponses
Votre historique - résultats
Vous n’avez pas pris ce quiz depuis la dernière actualisation